| 000 | 00356nam a2200145Ia 4500 | ||
|---|---|---|---|
| 008 | 210210b1971 xxu||||| |||| 00| 0 eng d | ||
| 082 | _a155.2 GOEB | ||
| 100 | _aGOESER (Alvin H). | ||
| 245 | _aBuilding a better you. | ||
| 260 |
_aAllahabad _bBetter yourself books _c1971 |
||
| 300 | _a64 | ||
| 650 | _aIndividu | ||
| 690 | _aPsychology | ||
| 906 | _a029147 | ||
| 999 |
_c80373 _d80373 |
||